1952 1764 1194 1633 1184 1000 1241 1171 1691 1879 1185 1328 1470 1288 1989 1454 1113 1871 1534 1221 1753 1885 1386 1962 1021 1742 1444 1597 1881 1549 1690 1808 1220 1111 1182 1473 1555 1930 1414 1018 1731 1642 1831 1089 1123 1579 1642 1616 1065 1618 1060 1182 1448 1557 1002 1297 1336 1909 1177 1878 1637 1114 1844 1141 1458 1157 1850 1134 1452 1160 1267 1188 1396 1770 1096 1875 1103 1012 1720 1858 1913 1696 1355 1060 1522 1262 1678 1393 1549 1648 1811 1378 1512 1862 1544 1409 1734 1219 1936 BCNSPRNW ULIB Ver.6.0+V

เปลี่ยนเป็นภาษาไทย

Change to English
 แสดงรายละเอียดบรรณานุกรม
  กลับหน้าหลัก

Brief Record : Get Marc (ISO 2709) : E-mail record : QR code < ปิดหน้าต่าง
LEADER : 00000nam 2200000uu 4500
001    13399120921
003     ULIB
008    121025s2551||||th 000 0 tha d
020    ^a9789740416951
050  4 ^aBF441^bม111ก 2551
100 0  ^aมกราพันธุ์ จูฑะรสก
245 10 ^aการคิดอย่างเป็นระบบ :^bการประยุกต์ใช้ในการเรียนการสอน =^bSystems thinking :^bteaching application]/^cเรียบเรียงโดยมกราพันธุ์ จูฑะรสก
246 30 ^aการคิดอย่างเป็นระบบ
246 31 ^aSystems thinking :^bteaching application
246 31 ^aSystems thinking
250    ^aพิมพ์ครั้งที่ 2
260    ^aนนทบุรี :^bโครงการสวัสดิกวิชาการวิชาการ สถาบันพระบรมราชนก,^c2551
300    ^aก-จม; 91 หน้า ;^c21 ซม.
650  7 ^aทักษะทางการคิด
650  7 ^aการวิเคราะห์ระบบ
650  7 ^aความคิดและการคิด
650  7 ^aจิตวิทยาประยุกต์
710 2  ^aสถาบันพระบรมราชนก. ^bโครงการสวัสดิกวิชาการวิชาการ
945    ^p200^l0^i19546
995    ^a เกษร
999    ^aใช้งานได้ทุกระบบ
รายการนี้ยังไม่มีแท็ก
คุณยังไม่ได้ล็อกอิน คุณสามารถมีกิจกรรมร่วมกับเว็บไซต์ได้ แต่ต้องล็อกอินก่อน ::
  ล็อกอิน

รายการสื่อสารสนเทศ

ลำดับที่ ประเภท เลขเรียก/บาร์โค้ด สถานที่ สถานะ
1. วิทยาศาสตร์การแพทย์ และสุขภาพ
หนังสือสำรอง
สถานะ=หนังสือสำรอง
BF441 ม111ก 2551  
  Barcode: 19546
ห้องสมุดวิทยาเขตสวรรค์ประชารักษ์
►หนังสือทั่วไป
บนชั้น

รายการใกล้เคียง
    ผู้แต่ง [มกราพันธุ์ จูฑะรสก]

    หัวเรื่อง [ทักษะทางการคิด]
    หัวเรื่อง [การวิเคราะห์ระบบ]
    หัวเรื่อง [ความคิดและการคิด]
    หัวเรื่อง [จิตวิทยาประยุกต์]

BibComment


ยังไม่เคยถูกคอมเมนท์

คอมเมนท์ทรัพยากรรายการนี้
  คอมเมนท์: การคิดอย่างเป็นร..


 Copyright 2026. Bcnsprnw @Library